LEADER 01301nam a2200241 i 4500 001 000000017570 003 CaOOAMICUS 005 20211129161853.0 008 180830s1966 it u000 u ita u 040 $aSeMil$bita 100 1 $aMontale, Eugenio,$d<1896-1981>.$0(OLS)http://semarc/name/7222 245 10$aPoesie /$cEugenio Montale. 260 $aMilano :$bArnoldo Mondadori Editore,$c1966. 300 $av. ;$c20 cm. 650 4$aMontale, Eugenio <1896-1981> - Opere.$0(OLS)http://semarc/subject/32620 774 0 $aMontale, Eugenio <1896-1981>$tOssi di seppia.$dMilano : Arnoldo Mondadori, 1966.$kSpecchio. I poeti del nostro tempo$kSpecchio$g1$w()64047 774 0 $aMontale, Eugenio <1896-1981>$tOccasioni, 1928-1939.$dMilano : Arnoldo Mondadori, 1966.$b9. Ed.$kSpecchio$kSpecchio. I poeti del nostro tempo$g2$w()73906 774 0 $aMontale, Eugenio <1896-1981>$tBufera e altro.$dMilano : Arnoldo Mondadori, 1966.$b5. ed.$kSpecchio. I poeti del nostro tempo$g3$w()73908 830 3$aLo specchio.$0(OLS)http://semarc/title/7841 830 3$aLo specchio. I poeti del nostro tempo.$0(OLS)http://semarc/title/437868 996 $6245$aPoesie$9(OLS)http://semarc/title/2285 996 $6260$aMilano :$bArnoldo Mondadori Editore$9(OLS)http://semarc/publisher/30056 LEADER 00766nam a2200193 i 4500 001 000000018807 003 CaOOAMICUS 005 20180830125444.0 008 180830s1905 it u000 u ita u 040 $aSeMil$bita 100 1 $aManzoni, Alessandro,$d<1785-1873>.$0(OLS)http://semarc/name/1162 245 10$aBrani inediti dei Promessi Sposi /$cdi Alessandro Manzoni ; per cura di Giovanni Sforza. 250 $a2. edizione accresciuta. 300 $a2 v. (CCXLIV), 722 p.). 700 1 $aSforza, Giovanni,$d<1846-1922>.$0(OLS)http://semarc/name/8431 773 0 $tOpere di Alessandro Manzoni.$dMilano : U. Hoepli, [190?]$w()18806 774 0 $tParte 1.$w()167029 774 0 $tParte 2.$w()167030 996 $6245$aBrani inediti dei Promessi Sposi$9(OLS)http://semarc/title/24747 LEADER 00613nam a2200169 i 4500 001 000000026510 003 CaOOAMICUS 005 20180830125447.0 008 180830s1929 fr u000 u und u 040 $aSeMil$bita 245 13$aLa Métaphysique des saints. 300 $a2 v. 700 1 $aBremond, Henri,$d <1865-1933>.$0(OLS)http://semarc/name/3951 773 0 $aBremond, Henri <1865-1933>$tHistoire littéraire du sentiment religieux en France.$dParis : Bloud & Gay, 1929-1936.$w()10788 774 0 $t1.$g1$w()212093 774 0 $t2.$g2$w()212094 996 $6245$aLa Métaphysique des saints$9(OLS)http://semarc/title/35797 LEADER 00954nam a2200217 i 4500 001 000000178787 003 CaOOAMICUS 005 20090414000000.0 008 090414s1960 it u000 u ita u 013 $a156361 040 $aSeMil$bita 100 1 $aHuygens, Robert Burchard Constantijn,$d<1931- >.$0(OLS)http://semarc/name/3603 245 10$aLettres de Jacques de Vitry :$b(1160/1170-1240) éveque de Saint-Jean-d'Acre /$cedition critique par R.B.C. Huygens. 260 $aLeiden :$bBrill,$c1960. 300 $a166 p. ;$c25 cm. 500 $aContiene : Appendice. 700 1 $aJacobus : de Vitriaco,$d.$0(OLS)http://semarc/name/5096 850 $aSeMil 852 $aSeMil$W1$xVenegono$y1$m3A IV 49$j129557$B129557$CSeMilBibl$Z2$F141037 $81 996 $6245$aLettres de Jacques de Vitry :$b(1160/1170-1240) éveque de Saint-Jean-d'Acre$9(OLS)http://semarc/title/256784 996 $6260$aLeiden :$bBrill$9(OLS)http://semarc/publisher/29725 LEADER 01012nam a2200241 i 4500 001 000000070148 003 CaOOAMICUS 005 20080808000000.0 008 080808s1910 it u000 u ita u 013 $a41320 040 $aSeMil$bita 100 1 $aJames, William <1842-1910>.$0(OLS)http://semarc/name/31252 245 10$aSaggi pragmatisti /$cWilliam James ; con prefazione e bibliografia a cura di Giovanni Papini. 260 $aLanciano :$bR. Carabba,$c1910. 300 $a125 p. ;$c19 cm. 490 0 $aCultura dell'anima ;$v14 650 4$aJames, William - Pragmatismo.$0(OLS)http://semarc/subject/13985 700 1 $aPapini, Giovanni,$d<1881-1956>.$0(OLS)http://semarc/name/1547 830 0$aCultura dell'anima ;$v14.$0(OLS)http://semarc/title/21898 850 $aSeMil 852 $aSeMil$W1$xVenegono$y1$m2P II 61$j36301$B36301$CSeMilBibl$Z2$F36304 $81 996 $6245$aSaggi pragmatisti$9(OLS)http://semarc/title/112527 996 $6260$aLanciano :$bR. Carabba$9(OLS)http://semarc/publisher/33110 LEADER 01113nam a2200253 i 4500 001 000000073219 003 CaOOAMICUS 005 20090522000000.0 008 090522s1958 fr u000 u mul u 013 $a44391 040 $aSeMil$bita 100 0 $aRichardus : de Sancto Victore,$d.$0(OLS)http://semarc/name/16695 245 10$aDe Trinitate /$cRichard de Saint-Victor ; texte critique avec introduction, notes et tables publié par Jean Ribaillier. 260 $aParis :$bLibrairie Philosophique J. Vrin,$c1958. 300 $a300 p. ;$c26 cm. 490 0 $aTextes philosophiques du Moyen Age ;$v6. 700 1 $aRibaillier, Jean <19-?-1974>.$0(OLS)http://semarc/name/13336 830 0$aTextes philosophiques du Moyen Age ;$v6.$0(OLS)http://semarc/title/28303 850 $aSeMil 852 $aSeMil$W1$xVenegono$y1$m2Q IV 126 -$j39371$B39371$CSeMilBibl$Z2$F39375 $81 900 1 $aRiccardo : di San Vittore. 996 $6245$aDe Trinitate$9(OLS)http://semarc/title/118215 996 $6260$aParis :$bLibrairie Philosophique J. Vrin$9(OLS)http://semarc/publisher/30022 LEADER 01005nam a2200265 i 4500 001 000000124719 003 CaOOAMICUS 005 20241203143347.0 008 040329s1963 it u000 u ita u 013 $a97416 040 $aSeMil$bita 100 1 $aPasternàk, Boris Leonídovic <1890-1960>.$0(OLS)http://semarc/name/28309 240 10$aDoktor Zivago.$0(OLS)http://semarc/title/183548 245 13$aIl dottor Zivago :$bromanzo /$cBorìs Pasternàk. 250 $a5. ed. 260 $aMilano :$bFeltrinelli,$c1963. 300 $a436 p. ;$c18 cm. 490 0 $aUniversale Economica ;$v444.-445 830 0$aUniversale economica ;$v444.-445.$0(OLS)http://semarc/title/11224 850 $aSeMil 852 $aSeMil$W1$xVenegono$y1$m52 8 444-445 *$j79245$B79245$CSeMilBibl$Z2$F81612 $81 961 $aLascito: Cenacolo 996 $6245$aIl dottor Zivago :$bromanzo$9(OLS)http://semarc/title/183547 996 $6260$aMilano :$bFeltrinelli$9(OLS)http://semarc/publisher/30237 LEADER 00949nam a2200217 i 4500 001 000000201857 003 CaOOAMICUS 005 20110509000000.0 008 110509n fr u000 u fre u 013 $a180563 040 $aSeMil$bita 100 1 $aDroulers, Paul,$c.$0(OLS)http://semarc/name/1286 245 10$aQuestion sociale, Etat, Eglise dans la «Civiltà Cattolica» à ses débuts /$cPaul Droulers. 260 $aPadova :$bAntenore,$c[196?] 300 $aP. [123]-147 ;$c23 cm. 500 $aTitolo da copertina. - Estratto da "Chiesa e Stato nell'Ottocento", Padova 1962, (Italia Sacra, 3-4). 850 $aSeMil 852 $aSeMil$W1$xVenegono$y1$m5D VIII 19/31$j152383$B152383$CSeMilBibl$Z2$F163501 $81 961 $aOmaggio: Altro 996 $6245$aQuestion sociale, Etat, Eglise dans la «Civiltà Cattolica» à ses débuts$9(OLS)http://semarc/title/292167 996 $6260$aPadova :$bAntenore$9(OLS)http://semarc/publisher/30160